000 01179nam a22003137a 4500
001 BD-DhSAU 9032
003 BD-DhSAU
005 20190102115156.0
008 150612b2017 bg a||||r|||| 000 0 eng d
040 _aBD-DhSAU
082 _222
_a631.4
_bQ22
100 _aQuader , Ifte Sam Bin
_4Registration No: 11-04634
245 _aEffect of Arsenic, Nitrogen and Phosphorus on growth and yield of Rice /
_cQuader , Ifte Sam Bin
_bMs Thesis
260 _aSher-e- Bangla Agricultural University :
_bDepartment of Soil science,
_c2017.
300 _aviii , 57 p. :
_bill. ,
_c30 cm.
500 _aMS thesis of Department of Soil Science, Faculty of Agriculture, Sher-e-Bangla Agricultural University, Dhaka, Bangladesh
504 _aIncludes bibliographical references.
590 _aShofi
650 _aSoil Science
650 _aEffect
650 _aArsenic
650 _aNitrogen
650 _a Phosphorus
650 _aRice
700 _aHossain , Mohammad Mosharraf
_eSupervisor
700 _aChowdhury , Saikat
_eCo-Supervisor
856 _u http://archive.saulibrary.edu.bd:8080/xmlui/handle/123456789/2027
_yOnline Access
942 _2ddc
_cTHESIS
999 _c14496
_d14495